The race to State House 2013. (Record no. 42039)
[ view plain ]
| 000 -LEADER | |
|---|---|
| fixed length control field | 01861 a2200289 4500 |
| 003 - CONTROL NUMBER IDENTIFIER | |
| control field | OSt |
| 005 - DATE AND TIME OF LATEST TRANSACTION | |
| control field | 20140724163304.0 |
| 008 - FIXED-LENGTH DATA ELEMENTS--GENERAL INFORMATION | |
| fixed length control field | 140724b xxu||||| |||| 00| 0 eng d |
| 050 ## - LIBRARY OF CONGRESS CALL NUMBER | |
| Classification number | DT433.582.K47 |
| Item number | R34 2013 |
| 100 ## - MAIN ENTRY--PERSONAL NAME | |
| Personal name | Ng'weno, Hillary |
| 245 ## - TITLE STATEMENT | |
| Title | The race to State House 2013. |
| Remainder of title | Uhuru Kenyatta / |
| Statement of responsibility, etc | a Kenya History & Biographies Company Limited production ; written, produced and directed by Hilary Ng’weno |
| 246 ## - VARYING FORM OF TITLE | |
| Title proper/short title | Uhuru Kenyatta |
| 260 ## - PUBLICATION, DISTRIBUTION, ETC. (IMPRINT) | |
| Place of publication, distribution, etc | Nairobi : |
| Name of publisher, distributor, etc | Kenya History & Bibliographies Co. Ltd., |
| Date of publication, distribution, etc | c2013. |
| 300 ## - PHYSICAL DESCRIPTION | |
| Extent | 1 videodisc of 1 (DVD) (60 min.) : |
| Other physical details | sd., col. ; |
| Dimensions | 4 3/4 in. |
| 440 ## - SERIES STATEMENT/ADDED ENTRY--TITLE | |
| Title | Kenyan Heritage series |
| 500 ## - GENERAL NOTE | |
| General note | Copyright: Kenya History & Biographies Company Limited production ; 2013. |
| 500 ## - GENERAL NOTE | |
| General note | Summary from videodisc container. |
| 500 ## - GENERAL NOTE | |
| General note | Source used: videodisc container. |
| 508 ## - CREATION/PRODUCTION CREDITS NOTE | |
| Creation/production credits note | Researched by Horace Awori ; production co-ordinator, Alice Kageni ; office assistants, Catherine Angoya, Nicodemus Osoro, Eunice Kageni ; music, Manasses Kuria ; graphics, Martin Kalula ; narration recording, Sauti Media Productions ; production assistant, Clifford Akumu ; edited by Moses Wanyama. |
| 511 ## - PARTICIPANT OR PERFORMER NOTE | |
| Participant or performer note | Narrator: Lorna Dias. |
| 520 ## - SUMMARY, ETC. | |
| Summary, etc | This is the story of Uhuru Kenyatta’s race for state house that will be determined on March 4th 2013 when Kenyans go to the polls to elect a new president, a deputy president, and members of the senate, the National Assembly and the County Assemblies. It traces Odinga’s place in Kenyan politics since the controversial December 2007 general election that resulted in violence in several parts of the country leaving more than 1,000 Kenyans dead and half a million others homeless. |
| 655 ## - INDEX TERM--GENRE/FORM | |
| Source of term | Documentary films. |
| 700 ## - ADDED ENTRY--PERSONAL NAME | |
| Relator code | Ngʾweno, Hilary, |
| 710 ## - ADDED ENTRY--CORPORATE NAME | |
| Relator code | Kenya History & Biographies Co. Ltd. |
| 942 ## - ADDED ENTRY ELEMENTS (KOHA) | |
| Koha item type | CD/DVD |
| Source of classification or shelving scheme | Library of Congress Classification |
| Withdrawn status | Lost status | Source of classification or shelving scheme | Damaged status | Not for loan | Collection code | Home library | Current library | Shelving location | Date acquired | Source of acquisition | Total Checkouts | Full call number | Barcode | Copy number | Price effective from | Koha item type |
|---|---|---|---|---|---|---|---|---|---|---|---|---|---|---|---|---|
| Library of Congress Classification | Non-fiction | Bishop Okullu Memorial Library (Limuru Campus) | Bishop Okullu Memorial Library (Limuru Campus) | Processing Center | 24/07/2014 | Purchase | DT433.582.K47 R34 2013 | 041041 | 1 | 24/07/2014 | CD/DVD |